Królowie strzelców piłkarskich top 5 lig i europucharów XXIw - Statystyki

Ogólne statystyki
  • Ten quiz został rozwiązany 1 019 razy
    250 od ostatniego zresetowania
  • Średni wynik to 115 z 199
Statystyki odpowiedzi
Liga Sezon Klub Król strzelców % Poprawnych
Premier League 2007/2008 Manchester United Cristiano Ronaldo
99%
Serie A 2020/2021 Juventus Cristiano Ronaldo
99%
La Liga 2010/2011 Real Madryt Cristiano Ronaldo
99%
La Liga 2013/2014 Real Madryt Cristiano Ronaldo
99%
La Liga 2014/2015 Real Madryt Cristiano Ronaldo
99%
Liga Mistrzów 2007/2008 Manchester United Cristiano Ronaldo
99%
Liga Mistrzów 2012/2013 Real Madryt Cristiano Ronaldo
99%
Liga Mistrzów 2013/2014 Real Madryt Cristiano Ronaldo
99%
Liga Mistrzów 2014/2015 Real Madryt Cristiano Ronaldo
99%
Liga Mistrzów 2015/2016 Real Madryt Cristiano Ronaldo
99%
Liga Mistrzów 2016/2017 Real Madryt Cristiano Ronaldo
99%
Liga Mistrzów 2017/2018 Real Madryt Cristiano Ronaldo
99%
La Liga 2009/2010 FC Barcelona Lionel Messi
98%
La Liga 2011/2012 FC Barcelona Lionel Messi
98%
La Liga 2012/2013 FC Barcelona Lionel Messi
98%
La Liga 2016/2017 FC Barcelona Lionel Messi
98%
La Liga 2017/2018 FC Barcelona Lionel Messi
98%
La Liga 2018/2019 FC Barcelona Lionel Messi
98%
La Liga 2019/2020 FC Barcelona Lionel Messi
98%
La Liga 2020/2021 FC Barcelona Lionel Messi
98%
Liga Mistrzów 2008/2009 FC Barcelona Lionel Messi
98%
Liga Mistrzów 2009/2010 FC Barcelona Lionel Messi
98%
Liga Mistrzów 2010/2011 FC Barcelona Lionel Messi
98%
Liga Mistrzów 2011/2012 FC Barcelona Lionel Messi
98%
Liga Mistrzów 2014/2015 FC Barcelona Lionel Messi
98%
Liga Mistrzów 2018/2019 FC Barcelona Lionel Messi
98%
Bundesliga 2013/2014 Borussia Dortmund Robert Lewandowski
98%
Bundesliga 2015/2016 Bayern Monachium Robert Lewandowski
98%
Bundesliga 2017/2018 Bayern Monachium Robert Lewandowski
98%
Bundesliga 2018/2019 Bayern Monachium Robert Lewandowski
98%
Bundesliga 2019/2020 Bayern Monachium Robert Lewandowski
98%
Bundesliga 2020/2021 Bayern Monachium Robert Lewandowski
98%
Bundesliga 2021/2022 Bayern Monachium Robert Lewandowski
98%
La Liga 2022/2023 FC Barcelona Robert Lewandowski
98%
Liga Mistrzów 2019/2020 Bayern Monachium Robert Lewandowski
98%
La Liga 2003/2004 Real Madryt Ronaldo
98%
Premier League 2015/2016 Tottenham Hotspur Harry Kane
97%
Premier League 2016/2017 Tottenham Hotspur Harry Kane
97%
Premier League 2020/2021 Tottenham Hotspur Harry Kane
97%
Bundesliga 2023/2024 Bayern Monachium Harry Kane
97%
Liga Mistrzów 2023/2024 Bayern Monachium Harry Kane
97%
Premier League 2022/2023 Manchester City Erling Braut Haaland
94%
Premier League 2023/2024 Manchester City Erling Braut Haaland
94%
Liga Mistrzów 2020/2021 Borussia Dortmund Erling Braut Haaland
94%
Liga Mistrzów 2022/2023 Manchester City Erling Braut Haaland
94%
Ligue 1 2018/2019 Paris Saint-Germain Kylian Mbappé
94%
Ligue 1 2019/2020 Paris Saint-Germain Kylian Mbappé
94%
Ligue 1 2020/2021 Paris Saint-Germain Kylian Mbappé
94%
Ligue 1 2021/2022 Paris Saint-Germain Kylian Mbappé
94%
Ligue 1 2022/2023 Paris Saint-Germain Kylian Mbappé
94%
Ligue 1 2023/2024 Paris Saint-Germain Kylian Mbappé
94%
Liga Mistrzów 2023/2024 Paris Saint-Germain Kylian Mbappé
94%
Premier League 2017/2018 Liverpool Mohamed Salah
93%
Premier League 2018/2019 Liverpool Mohamed Salah
93%
Ligue 1 2007/2008 Olympique Lyon Karim Benzema
91%
La Liga 2021/2022 Real Madryt Karim Benzema
91%
Liga Mistrzów 2021/2022 Real Madryt Karim Benzema
91%
Premier League 2013/2014 Liverpool Luis Suárez
89%
La Liga 2015/2016 FC Barcelona Luis Suárez
89%
Premier League 2021/2022 Tottenham Hotspur Son Heung-Min
89%
Premier League 2001/2002 Arsenal Thierry Henry
88%
Premier League 2003/2004 Arsenal Thierry Henry
88%
Premier League 2004/2005 Arsenal Thierry Henry
88%
Premier League 2005/2006 Arsenal Thierry Henry
88%
Liga Mistrzów 2014/2015 FC Barcelona Neymar
87%
Premier League 2006/2007 Chelsea Didier Drogba
86%
Premier League 2009/2010 Chelsea Didier Drogba
86%
Ligue 1 2012/2013 Paris Saint-Germain Zlatan Ibrahimović
84%
Ligue 1 2013/2014 Paris Saint-Germain Zlatan Ibrahimović
84%
Ligue 1 2015/2016 Paris Saint-Germain Zlatan Ibrahimović
84%
Serie A 2008/2009 Inter Mediolan Zlatan Ibrahimović
84%
Serie A 2011/2012 AC Milan Zlatan Ibrahimović
84%
Premier League 2014/2015 Manchester City Sergio Agüero
82%
Premier League 2019/2020 Leicester City Jamie Vardy
79%
Ligue 1 2016/2017 Paris Saint-Germain Edinson Cavani
78%
Ligue 1 2017/2018 Paris Saint-Germain Edinson Cavani
78%
Serie A 2012/2013 SSC Napoli Edinson Cavani
78%
Serie A 2013/2014 Torino Ciro Immobile
76%
Serie A 2017/2018 Lazio Ciro Immobile
76%
Serie A 2019/2020 Lazio Ciro Immobile
76%
Serie A 2021/2022 Lazio Ciro Immobile
76%
Liga Europy 2017/2018 Lazio Ciro Immobile
76%
Serie A 2023/2024 Inter Mediolan Lautaro Martínez
76%
Premier League 2018/2019 Liverpool Sadio Mané
73%
Premier League 2018/2019 Arsenal Pierre-Emerick Aubameyang
72%
Bundesliga 2016/2017 Borussia Dortmund Pierre-Emerick Aubameyang
72%
Liga Europy 2023/2024 Olympique Maryslia Pierre-Emerick Aubameyang
72%
La Liga 2000/2001 Real Madryt Raúl
72%
Liga Mistrzów 2000/2001 Real Madryt Raúl
72%
Serie A 2003/2004 AC Milan Andrij Szewczenko
70%
Liga Mistrzów 2005/2006 AC Milan Andrij Szewczenko
70%
Premier League 2011/2012 Arsenal Robin van Persie
70%
Premier League 2012/2013 Manchester United Robin van Persie
70%
Premier League 2002/2003 Manchester United Ruud van Nistelrooy
68%
La Liga 2006/2007 Real Madryt Ruud van Nistelrooy
68%
Liga Mistrzów 2001/2002 Manchester United Ruud van Nistelrooy
68%
Liga Mistrzów 2002/2003 Manchester United Ruud van Nistelrooy
68%
Liga Mistrzów 2004/2005 Manchester United Ruud van Nistelrooy
68%
Serie A 2006/2007 AS Roma Francesco Totti
66%
Liga Mistrzów 2006/2007 AC Milan Kaká
66%
La Liga 2004/2005 FC Barcelona Samuel Eto'o
64%
La Liga 2005/2006 FC Barcelona Samuel Eto'o
64%
Serie A 2007/2008 Juventus Alessandro Del Piero
63%
La Liga 2023/2024 Girona Artem Dowbyk
62%
La Liga 2004/2005 Villarreal Diego Forlán
57%
La Liga 2008/2009 Atlético Madryt Diego Forlán
57%
Serie A 2015/2016 SSC Napoli Gonzalo Higuaín
56%
Liga Europy 2014/2015 Everton Romelu Lukaku
56%
Ligue 1 2014/2015 Olympique Lyon Alexandre Lacazette
54%
Serie A 2016/2017 AS Roma Edin Džeko
54%
Bundesliga 2009/2010 VfL Wolsfburg Edin Džeko
54%
Liga Europy 2016/2017 AS Roma Edin Džeko
54%
Serie A 2022/2023 Napoli Victor Osimhen
53%
Bundesliga 2005/2006 Werder Brema Miroslav Klose
52%
Serie A 2009/2010 Udinese Antonio Di Natale
48%
Serie A 2010/2011 Udinese Antonio Di Natale
48%
Serie A 2005/2006 Fiorentina Luca Toni
48%
Serie A 2014/2015 Hellas Verona Luca Toni
48%
Bundesliga 2007/2008 Bayern Monachium Luca Toni
48%
Puchar UEFA 2007/2008 Bayern Monachium Luca Toni
48%
Premier League 2010/2011 Manchester City Carlos Tévez
47%
Ligue 1 2011/2012 Montpellier Olivier Giroud
47%
Liga Europy 2018/2019 Chelsea Olivier Giroud
47%
Liga Europy 2010/2011 FC Porto Radamel Falcao
46%
Liga Europy 2011/2012 Atlético Madryt Radamel Falcao
46%
Liga Europy 2022/2023 Manchester United Marcus Rashford
45%
Bundesliga 2010/2011 Bayern Monachium Mario Gómez
45%
Premier League 2008/2009 Chelsea Nicolas Anelka
44%
Bundesliga 2022/2023 RB Lipsk Christopher Nkunku
40%
Premier League 2010/2011 Manchester United Dimitar Berbatow
40%
Puchar UEFA 2000/2001 Bayer Leverkusen Dimitar Berbatow
40%
Liga Mistrzów 2003/2004 AS Monaco Fernando Morientes
40%
Ligue 1 2019/2020 AS Monaco Wissam Ben Yedder
39%
Serie A 2014/2015 Inter Mediolan Mauro Icardi
35%
Serie A 2017/2018 Inter Mediolan Mauro Icardi
35%
Bundesliga 2022/2023 Werder Brema Niclas Füllkrug
34%
Serie A 2018/2019 Sampdoria Fabio Quagliarella
33%
Bundesliga 2011/2012 Schalke 04 Klaas-Jan Huntelaar
31%
Puchar UEFA 2004/2005 Newcastle United Alan Shearer
30%
Serie A 2000/2001 Lazio Hernán Crespo
30%
Bundesliga 2012/2013 Bayer Leverkusen Stefan Kießling
30%
Liga Europy 2015/2016 Athletic de Bilbao Aritz Aduriz
29%
Liga Europy 2017/2018 Athletic de Bilbao Aritz Aduriz
29%
Serie A 2001/2002 Juventus David Trezeguet
29%
Serie A 2002/2003 Inter Mediolan Christian Vieri
28%
Ligue 1 2001/2002 Girondins de Bordeaux Pauleta
25%
Ligue 1 2005/2006 Paris Saint-Germain Pauleta
25%
Ligue 1 2006/2007 Paris Saint-Germain Pauleta
25%
Liga Europy 2019/2020 Manchester United Bruno Fernandes
24%
Bundesliga 2008/2009 VfL Wolfsburg Grafite
24%
La Liga 2002/2003 Deportivo La Coruña Roy Makaay
23%
Premier League 2000/2001 Chelsea Jimmy Floyd Hasselbaink
22%
Liga Europy 2009/2010 Werder Brema Claudio Pizarro
21%
Liga Europy 2020/2021 Villarreal Gerard Moreno
21%
Bundesliga 2002/2003 Bayern Monachium Giovane Élber
20%
Bundesliga 2014/2015 Eintracht Frankfurt Alexander Meier
18%
La Liga 2007/2008 RCD Mallorca Dani Güiza
17%
Bundesliga 2003/2004 Werder Brema Aílton
16%
La Liga 2001/2002 Deportivo La Coruña Diego Tristán
16%
Ligue 1 2008/2009 Toulouse FC André-Pierre Gignac
15%
Ligue 1 2001/2002 AJ Auxerre Djibril Cissé
15%
Ligue 1 2003/2004 AJ Auxerre Djibril Cissé
15%
Liga Europy 2021/2022 Rangers James Tavernier
15%
Ligue 1 2011/2012 Paris Saint-Germain Nenê
12%
Bundesliga 2001/2002 Borussia Dortmund Márcio Amoroso
11%
Ligue 1 2004/2005 Stade Rennais Alexander Frei
10%
Liga Konferencji 2022/2023 Fiorentina Arthur Cabral
10%
Bundesliga 2000/2001 Schalke 04 Ebbe Sand
10%
Bundesliga 2004/2005 FC Nürnberg Marek Mintál
10%
Puchar UEFA 2008/2009 CSKA Moskwa Vágner Love
10%
Liga Europy 2022/2023 Royal Union St. Gilloise Victor Boniface
10%
Liga Europy 2009/2010 Benfica Óscar Cardozo
9%
Liga Europy 2020/2021 Benfica Pizzi
8%
Ligue 1 2002/2003 AS Monaco Shabani Nonda
8%
Liga Konferencji 2023/2024 Olympiakos Ayoub El Kaabi
7%
Liga Europy 2013/2014 Red Bull Salzburg Jonathan Soriano
7%
Bundesliga 2001/2002 1860 Monachium Martin Max
7%
Ligue 1 2010/2011 Lille OSC Moussa Sow
7%
Ligue 1 2000/2001 Olympique Lyon Sonny Anderson
7%
Puchar UEFA 2003/2004 Villarreal Sonny Anderson
7%
Liga Europy 2020/2021 Lille OSC Yusuf Yazıcı
7%
Liga Europy 2020/2021 AS Roma Borja Mayoral
6%
Puchar UEFA 2002/2003 FC Porto Derlei
6%
Ligue 1 2009/2010 Olympique Marsylia Mamadou Niang
6%
Bundesliga 2000/2001 Hamburger SV Sergej Barbarez
6%
Bundesliga 2002/2003 VfL Bochum Thomas Christiansen
6%
Liga Europy 2014/2015 Red Bull Salzburg Alan
5%
Puchar UEFA 2000/2001 Rayo Vallecano Bolo
5%
Serie A 2004/2005 Livorno Cristiano Lucarelli
5%
Serie A 2001/2002 Piacenza Dario Hübner
5%
Puchar UEFA 2007/2008 Zenit Sankt Petersburg Paweł Pogriebniak
5%
Puchar UEFA 2001/2002 Feyenoord Pierre van Hooijdonk
5%
Bundesliga 2006/2007 VfL Bochum Theofanis Gekas
5%
Liga Konferencji 2021/2022 Feyenoord Cyriel Dessers
4%
Liga Europy 2016/2017 Zenit Sankt Petersburg Giuliano
4%
Liga Europy 2012/2013 Lazio Libor Kozák
4%
Puchar UEFA 2006/2007 RCD Espanyol Walter Pandiani
3%
Liga Konferencji 2022/2023 FC Basel Zeki Amdouni
3%
Puchar UEFA 2005/2006 FC Basel Matias Delgado
2%
Nie znaleziono quizów pasujących do podanych kryteriów
Rozkład punktacji
Procent ludzi z każdym wynikiem
Percentyl według liczby udzielonych odpowiedzi
Twoja historia wyników
Nie rozwiązałeś tego quizu od ostatniego zresetowania